000 00511nam a2200193 a 4500
003 OSt
005 20150109174007.0
008 020226s1971 esp 000 0 spa d
040 _cBMC
082 _a843
100 1 _aGoncourt, Edmond de
_9440
_d1822-1896
245 1 0 _aRenata Mauperin
_cHermanos Goncourt
260 _aMadrid
_bLibra
_cD.L. 1971
300 _a189 p.
_c17 cm
490 0 _aPúrpura
_v83
650 2 4 _911443
_aNovela francesa
700 1 _9439
_aGoncourt, Jules de
_d1830-1870
942 _2ddc
_cBK
999 _c16601
_d16601